000 00734nam a2200253Ia 4500
003 OSt
005 20220928125422.0
006 a|||||r|||| 00| 0
007 ta
008 220927b |||||||| |||| 00| 0 eng d
020 _c3239.7298999999998
024 _a110771
037 _b211, 28/12/2010, Pioneer Book Distributors
_cTextual
040 _aSDCL
_cSDCL
_beng
041 _2eng
_aeng
082 _aGobD, Q1
100 _aJohnson Arthur T
_9469519
245 0 _aBiology for engineers.
260 _aBoca Raton
_b CRC Press
_c2011
300 _axvii,757p.
_ccm.
650 _aI I C
942 _hGobD, Q1
_cTEXL
_2CC
999 _c782187
_d782187